Možnosti etického diskurzu v procese utvárania morálnych noriem

Morálka - najstaršia forma sociálnej regulácie. Pravidlá vzájomného spolunažívania v podobe morálnych noriem. Tri spôsoby argumentácie tvorby morálnych noriem v etickej teoretickej reflexii. Diskurzívna etika - zakladateľom a tvorcom je nemecký autor Jürgen Habermas. Základné požiadavky diskurzívnej...

ver descrição completa

Na minha lista:
Detalhes bibliográficos
Autor principal: Bohunická, Lenka
Formato: Capítulo de Livro
Idioma:eslovaco
Assuntos:
Tags: Adicionar Tag
Sem tags, seja o primeiro a adicionar uma tag!

MARC

LEADER 00000naa a2200000 4500
001 r045608
005 20230925104234.4
041 0 |a slo 
044 |a SK 
245 1 0 |a Možnosti etického diskurzu v procese utvárania morálnych noriem  |c Lenka Bohunická 
520 |a Morálka - najstaršia forma sociálnej regulácie. Pravidlá vzájomného spolunažívania v podobe morálnych noriem. Tri spôsoby argumentácie tvorby morálnych noriem v etickej teoretickej reflexii. Diskurzívna etika - zakladateľom a tvorcom je nemecký autor Jürgen Habermas. Základné požiadavky diskurzívnej etiky. Zdôvodnenie etických noriem. 
610 2 0 |a morálka 
610 2 0 |a normy etické 
610 2 0 |a etika 
610 2 0 |a normy právne 
100 1 |a Bohunická, Lenka